000
00236nam a2200097Ia 4500
001
789416
005
20250826170418.0
008
250824s9999 xx 000 0 und d
245
0
_a
VİKİNGLER
_c
ROBERT LEIGHTON
260
_b
PANAMA YAYINLARI
999
_c
789416
_d
789416